[Event "Kup Centralne Srbije 2013"]
[Site "Vrnjacka Banja"]
[Date "2013.04.27"]
[Round "7.1"]
[White "Djukic, Zeljko"]
[Black "Garic, Radomir"]
[Result "1-0"]
[WhiteElo "2395"]
[BlackElo "2260"]
[PlyCount "56"]
[EventDate "2013.03.24"]

1. d4 Nf6 2. Nf3 c5 3. e3 g6 4. Be2 Bg7 5. O-O cxd4 6. exd4 O-O 7. h3 b6 8. d5
Bb7 9. c4 b5 10. d6 bxc4 11. dxe7 Qxe7 12. Bxc4 d5 13. Bb3 Nbd7 14. Nc3 Qd6 15.
Be3 a6 16. Rc1 Rac8 17. Qd2 Nc5 18. Bc2 Rfe8 19. Rfd1 Qf8 20. Na4 Nfe4 21. Qa5
Nxa4 22. Bxa4 Rxc1 23. Rxc1 Rc8 24. Rxc8 Qxc8 25. Qb6 h5 26. Nd4 Kh7 27. Nc6
Bxc6 28. Bxc6 Qf8 1-0

[Event "Kup Centralne Srbije 2013"]
[Site "Vrnjacka Banja"]
[Date "2013.04.27"]
[Round "7.1"]
[White "Djukic, Slobodan D"]
[Black "Mitrovic, Darko R"]
[Result "0-1"]
[WhiteElo "2191"]
[BlackElo "2259"]
[PlyCount "72"]
[EventDate "2013.03.24"]

1. e4 e6 2. d4 d5 3. Nc3 Bb4 4. e5 c5 5. a3 Bxc3+ 6. bxc3 Ne7 7. Qg4 O-O 8. h4
Nbc6 9. h5 f6 10. Nf3 fxe5 11. Nxe5 Nf5 12. h6 Nxe5 13. dxe5 g6 14. Qe2 Qa5 15.
Bd2 Qa4 16. Bg5 Rf7 17. g4 Ne7 18. c4 Nc6 19. c3 Qb3 20. Rh3 Nxe5 21. Qxe5 Qb2
22. Rf3 Qxa1+ 23. Ke2 Qa2+ 24. Ke3 d4+ 25. cxd4 Qxa3+ 26. Bd3 cxd4+ 27. Qxd4
Qf8 28. Rxf7 Qxf7 29. Qd8+ Qf8 30. Qc7 e5 31. Be4 Be6 32. Bxb7 Re8 33. c5 Bxg4
34. Bc6 Qxc5+ 35. Kd2 Qxf2+ 36. Kc1 Qf7 0-1

[Event "Kup Centralne Srbije 2013"]
[Site "Vrnjacka Banja"]
[Date "2013.04.27"]
[Round "7.1"]
[White "Djokic, Vladan"]
[Black "Madjar, Stanislav"]
[Result "1-0"]
[WhiteElo "2312"]
[BlackElo "2182"]
[PlyCount "79"]
[EventDate "2013.03.24"]

1. c4 Nf6 2. Nc3 c5 3. g3 g6 4. Bg2 Bg7 5. e4 d6 6. a3 O-O 7. b4 Nc6 8. Rb1 Nd7
9. Nge2 cxb4 10. axb4 a5 11. bxa5 Qxa5 12. Rb5 Qa1 13. Qc2 Qa7 14. O-O Nc5 15.
d3 Ne6 16. Be3 Ned4 17. Qd2 Qa3 18. Rbb1 Nxe2+ 19. Nxe2 Ne5 20. Nc1 Ng4 21. Bb6
Ra6 22. Qe2 Be6 23. h3 Ne5 24. Be3 Rb8 25. f4 Nc6 26. Qf2 Bd7 27. Kh2 Nb4 28.
Rb3 Qa4 29. f5 Be8 30. fxg6 hxg6 31. d4 Na2 32. Qxa2 Qxa2 33. Nxa2 Rxa2 34. Rf2
Rxf2 35. Bxf2 Bc6 36. h4 Kf8 37. d5 Ba4 38. Rb4 b5 39. cxb5 Bc2 40. b6 1-0

[Event "Kup Centralne Srbije 2013"]
[Site "Vrnjacka Banja"]
[Date "2013.04.27"]
[Round "7.1"]
[White "Mickovic, Slavisa"]
[Black "Stankovic, Dejan"]
[Result "1/2-1/2"]
[WhiteElo "2088"]
[BlackElo "2265"]
[PlyCount "74"]
[EventDate "2013.03.24"]

1. d4 d5 2. Nf3 Nc6 3. Bf4 Bg4 4. Nbd2 e6 5. c3 Bd6 6. Bg3 Nf6 7. e3 Bxg3 8.
hxg3 Qd6 9. Qa4 O-O 10. Bd3 h6 11. Rh4 a6 12. e4 b5 13. Qc2 Bxf3 14. gxf3 e5
15. dxe5 Nxe5 16. O-O-O Qb6 17. Rf1 Rad8 18. Be2 d4 19. cxd4 Qxd4 20. Nb3 Qb6
21. Qc5 Nd3+ 22. Bxd3 Rxd3 23. Qxb6 cxb6 24. e5 Rc8+ 25. Kb1 Nd7 26. f4 a5 27.
Rhh1 Nf8 28. Rd1 Rf3 29. Rd2 Ne6 30. Re1 a4 31. Na1 Nc5 32. Nc2 Rd3 33. Red1
Rxd2 34. Rxd2 Ne4 35. Re2 Nc5 36. Rd2 Ne4 37. Re2 Nc5 1/2-1/2

[Event "Kup Centralne Srbije 2013"]
[Site "Vrnjacka Banja"]
[Date "2013.04.27"]
[Round "7.2"]
[White "Brankovic, Dejan"]
[Black "Rihterovic, Milan"]
[Result "1/2-1/2"]
[WhiteElo "2359"]
[BlackElo "2199"]
[PlyCount "68"]
[EventDate "2013.03.24"]

1. e4 e5 2. Nf3 Nc6 3. Bb5 a6 4. Ba4 Nf6 5. d3 d6 6. c3 g6 7. O-O Bg7 8. Re1
O-O 9. Nbd2 Nd7 10. Nf1 b5 11. Bc2 Nb6 12. Be3 Rb8 13. Qc1 Qe7 14. Bh6 Bg4 15.
Bd1 f6 16. Bxg7 Kxg7 17. Ne3 Be6 18. d4 Nd8 19. a4 bxa4 20. Bxa4 c5 21. Bc2 Bc8
22. dxc5 dxc5 23. Bd3 Ra8 24. Nd2 Ne6 25. Ndc4 Nxc4 26. Nd5 Qd6 27. Bxc4 Ra7
28. Rd1 Qb8 29. Ra3 a5 30. b3 Ba6 31. Rxa5 Bxc4 32. Rxa7+ Qxa7 33. bxc4 Qa2 34.
Ne3 Nf4 1/2-1/2

[Event "Kup Centralne Srbije 2013"]
[Site "Vrnjacka Banja"]
[Date "2013.04.27"]
[Round "7.2"]
[White "Cvetanovic, Uros"]
[Black "Kostic, Ninoslav"]
[Result "0-1"]
[WhiteElo "2237"]
[BlackElo "2186"]
[PlyCount "110"]
[EventDate "2013.03.24"]

1. e4 e5 2. Nc3 Nf6 3. Bc4 Be7 4. d3 O-O 5. f4 d6 6. Nf3 exf4 7. Bxf4 c6 8. Bb3
b5 9. O-O a5 10. a4 b4 11. Ne2 c5 12. Ng3 Nc6 13. Qd2 d5 14. e5 Ne8 15. c3 Be6
16. d4 g6 17. Bh6 Ng7 18. Rae1 Rb8 19. Bc2 bxc3 20. bxc3 cxd4 21. Nxd4 Nxd4 22.
Qxd4 Qc7 23. Kh1 Rfc8 24. Rf3 Rb2 25. Bd1 Qb7 26. h3 Rc4 27. Qd3 Qd7 28. Bc1
Rb8 29. Be3 Qc8 30. Bd4 Rb2 31. Re2 Rb7 32. Ref2 Bh4 33. Bc2 Rb2 34. Kh2 Rb7
35. Qe3 Qd8 36. Qd2 Qe7 37. Qd1 Qe8 38. Qd2 Rc8 39. Qd1 Rcb8 40. Bd3 Qe7 41.
Rf1 Bg5 42. Bb5 h5 43. Qe1 h4 44. Ne2 Nf5 45. g4 hxg3+ 46. Nxg3 Nxd4 47. cxd4
Rc7 48. Qxa5 Rc2+ 49. Ne2 Kg7 50. R1f2 Rh8 51. Rg2 Rh4 52. Qe1 Bh6 53. Bd3 Rxe2
54. Rxe2 Bf4+ 55. Rxf4 Rxf4 0-1

[Event "Kup Centralne Srbije 2013"]
[Site "Vrnjacka Banja"]
[Date "2013.04.27"]
[Round "7.3"]
[White "Trailovic, Mile"]
[Black "Stankovic, Dragan P"]
[Result "0-1"]
[WhiteElo "2141"]
[BlackElo "2269"]
[PlyCount "60"]
[EventDate "2013.03.24"]

1. e4 c5 2. Nc3 Nc6 3. g3 g6 4. Bg2 Bg7 5. Nge2 e6 6. f4 d6 7. O-O Nge7 8. h3
O-O 9. d3 Rb8 10. g4 f5 11. Ng3 Nd4 12. Nb1 Bd7 13. c3 Ndc6 14. Nd2 Qc7 15. Nf3
Nd8 16. Qe2 Nf7 17. gxf5 gxf5 18. Nh5 Rbe8 19. Qf2 Ng6 20. exf5 exf5 21. Qg3
Bc6 22. Rf2 Re6 23. Bd2 b5 24. Kh2 Ba8 25. Rg1 Qe7 26. Nxg7 Kxg7 27. Ng5 Nxg5
28. Bxa8 Nxh3 29. Qxh3 Rxa8 30. Rfg2 Re2 0-1

[Event "Kup Centralne Srbije 2013"]
[Site "Vrnjacka Banja"]
[Date "2013.04.27"]
[Round "7.3"]
[White "Avramovic, Zoran"]
[Black "Vlajic, Sasa"]
[Result "1-0"]
[WhiteElo "2293"]
[BlackElo "2170"]
[PlyCount "105"]
[EventDate "2013.03.24"]

1. e4 d5 2. Nc3 Nf6 3. e5 d4 4. exf6 dxc3 5. fxg7 cxd2+ 6. Bxd2 Bxg7 7. c3 e5
8. Bc4 Qe7 9. Nf3 Bf6 10. h3 Nc6 11. Be3 Be6 12. Bxe6 Qxe6 13. Qb3 Qxb3 14.
axb3 O-O 15. g4 Rfe8 16. g5 Bg7 17. Ke2 a6 18. Nh4 Rad8 19. Rhd1 Ne7 20. Kf3 f5
21. gxf6 Bxf6 22. Rg1+ Kf7 23. Ra4 Rg8 24. Re1 Rd5 25. Re4 b6 26. b4 Ra8 27.
Ke2 Rad8 28. Ra1 a5 29. bxa5 bxa5 30. Nf3 Rb5 31. Ra2 Nf5 32. Nd2 Nd6 33. Rea4
Rdb8 34. b3 e4 35. c4 Rh5 36. Rxa5 Rxh3 37. Ra7 Ne8 38. Bf4 Bd8 39. Ra8 Rxa8
40. Rxa8 Be7 41. Ra7 Bd8 42. b4 Ke6 43. b5 Kf5 44. Bg3 Bg5 45. Nf1 Bf4 46. b6
Bxg3 47. Nxg3+ Rxg3 48. fxg3 cxb6 49. Rf7+ Nf6 50. Rb7 Nh5 51. Rxh7 Nxg3+ 52.
Kf2 Kf4 53. Rh4+ 1-0

[Event "Kup Centralne Srbije 2013"]
[Site "Vrnjacka Banja"]
[Date "2013.04.27"]
[Round "7.3"]
[White "Tosic, Branislav"]
[Black "Mircic, Ivan"]
[Result "1/2-1/2"]
[WhiteElo "2234"]
[BlackElo "2250"]
[PlyCount "29"]
[EventDate "2013.03.24"]

1. d4 d5 2. Nf3 e6 3. c4 c5 4. cxd5 exd5 5. Nc3 Nc6 6. g3 Nf6 7. Bg2 Be7 8. O-O
O-O 9. Bg5 cxd4 10. Nxd4 h6 11. Be3 Re8 12. h3 Be6 13. Nxe6 fxe6 14. Rc1 Qd7
15. Bd2 1/2-1/2

[Event "Kup Centralne Srbije 2013"]
[Site "Vrnjacka Banja"]
[Date "2013.04.27"]
[Round "7.3"]
[White "Obradovic, Blazimir"]
[Black "Dragic, Vladimir"]
[Result "0-1"]
[WhiteElo "2151"]
[BlackElo "2119"]
[PlyCount "68"]
[EventDate "2013.03.24"]

1. d4 d6 2. Nf3 g6 3. g3 Nf6 4. Bg2 Bg7 5. O-O O-O 6. c4 Nc6 7. Nc3 e5 8. d5
Ne7 9. e4 Ne8 10. Ne1 f5 11. f3 c5 12. Be3 h6 13. Nd3 g5 14. f4 fxe4 15. Bxe4
Bh3 16. Rf2 exf4 17. gxf4 Nf5 18. Bxf5 Bxf5 19. fxg5 hxg5 20. Qd2 Qd7 21. Bxg5
Nf6 22. Rg2 Bh3 23. Nf4 Bxg2 24. Qxg2 Qg4 25. Ne6 Qxg2+ 26. Kxg2 Rf7 27. Bf4
Ne8 28. Ne4 Bxb2 29. Rb1 Be5 30. Bxe5 dxe5 31. N4xc5 Nd6 32. Rc1 Rc8 33. Nd3
Rxc4 34. Re1 Rc2+ 0-1

[Event "Kup Centralne Srbije 2013"]
[Site "Vrnjacka Banja"]
[Date "2013.04.27"]
[Round "7.4"]
[White "Zlatanovic, Zoran"]
[Black "Kahrovic, Mersid"]
[Result "1-0"]
[WhiteElo "2163"]
[BlackElo "2308"]
[PlyCount "65"]
[EventDate "2013.03.24"]

1. e4 d6 2. d4 Nf6 3. Nc3 g6 4. f4 Bg7 5. a3 e6 6. e5 Nd5 7. Ne4 Nb6 8. Nf3 d5
9. Nc5 N6d7 10. Nd3 b6 11. Be3 Qe7 12. Be2 Bb7 13. Qd2 a5 14. g4 c5 15. c3 Nc6
16. f5 exf5 17. gxf5 gxf5 18. Rg1 Rg8 19. Nf4 cxd4 20. cxd4 Nd8 21. Nh5 Ne6 22.
Bh6 f6 23. Nh4 Bxh6 24. Rxg8+ Kf7 25. Qxh6 Kxg8 26. O-O-O Ndf8 27. Rg1+ Kf7 28.
Nxf5 Qc7+ 29. Kb1 Ke8 30. Nxf6+ Kd8 31. Rc1 Qf7 32. Bh5 Ng6 33. Nd6 1-0

[Event "Kup Centralne Srbije 2013"]
[Site "Vrnjacka Banja"]
[Date "2013.04.27"]
[Round "7.4"]
[White "Mrsevic, Miroslav"]
[Black "Kalcic, Krsta"]
[Result "0-1"]
[WhiteElo "2294"]
[BlackElo "2246"]
[PlyCount "48"]
[EventDate "2013.03.24"]

1. g3 g6 2. Bg2 Bg7 3. f4 c5 4. Nf3 Nc6 5. d3 d6 6. e4 Nf6 7. Nc3 O-O 8. O-O
Bg4 9. h3 Bxf3 10. Qxf3 Nd4 11. Qf2 Rb8 12. Nd1 Qc7 13. g4 b5 14. c3 Nc6 15.
Qh4 Nd7 16. f5 Nde5 17. Nf2 b4 18. Bh6 bxc3 19. bxc3 Qa5 20. Bxg7 Kxg7 21. d4
cxd4 22. cxd4 Nxd4 23. Qxe7 Rfe8 24. Qxd6 Rbd8 0-1

[Event "Kup Centralne Srbije 2013"]
[Site "Vrnjacka Banja"]
[Date "2013.04.27"]
[Round "7.4"]
[White "Stojanovic, Jovica M"]
[Black "Dumic, Marko"]
[Result "1/2-1/2"]
[WhiteElo "2047"]
[BlackElo "2268"]
[PlyCount "63"]
[EventDate "2013.03.24"]

1. e4 e6 2. d3 d5 3. Nd2 c5 4. Ngf3 Nc6 5. g3 Nf6 6. Bg2 Be7 7. O-O b5 8. a3
O-O 9. e5 Nd7 10. Re1 Qc7 11. Qe2 a5 12. c3 Ba6 13. h4 a4 14. Nf1 Rfb8 15. N1h2
b4 16. Bf4 bxc3 17. bxc3 Rb3 18. Rec1 c4 19. d4 Bxa3 20. Ng5 Nf8 21. Qh5 Qe7
22. Rxa3 Rxa3 23. Ng4 Nd8 24. Nf3 f5 25. exf6 gxf6 26. Bd6 Qxd6 27. Nxf6+ Kh8
28. Ne8 Qe7 29. Qe5+ Kg8 30. Nf6+ Kh8 31. Ne8+ Kg8 32. Nf6+ 1/2-1/2

[Event "Kup Centralne Srbije 2013"]
[Site "Vrnjacka Banja"]
[Date "2013.04.27"]
[Round "7.4"]
[White "Brajovic, Miroljub"]
[Black "Milutinovic, Stefana"]
[Result "1/2-1/2"]
[WhiteElo "2161"]
[BlackElo "2009"]
[PlyCount "58"]
[EventDate "2013.03.24"]

1. e4 c5 2. c3 d5 3. exd5 Qxd5 4. d4 Nf6 5. Nf3 e6 6. Be2 Nc6 7. O-O Be7 8. h3
O-O 9. Be3 cxd4 10. Nxd4 Nxd4 11. Qxd4 Bd7 12. Bf3 Qxd4 13. Bxd4 Bc6 14. Bxc6
bxc6 15. Bxf6 Bxf6 16. Nd2 Rfd8 17. Nc4 Rd5 18. Rfd1 Rb8 19. Rab1 Kf8 20. Kf1
Rc5 21. Nd2 Ra5 22. Ne4 Rxa2 23. b4 Ke7 24. Ra1 Rxa1 25. Rxa1 Rb7 26. Ke2 Be5
27. Kd3 f5 28. Nc5 Rc7 29. Kc4 Bd6 1/2-1/2

[Event "Kup Centralne Srbije 2013"]
[Site "Vrnjacka Banja"]
[Date "2013.04.27"]
[Round "7.5"]
[White "Marcetic, Predrag"]
[Black "Smolovic, Mile"]
[Result "1-0"]
[WhiteElo "2256"]
[BlackElo "2367"]
[PlyCount "73"]
[EventDate "2013.03.24"]

1. e4 c5 2. Nf3 d6 3. c3 Nf6 4. Be2 Bg4 5. h3 Bh5 6. O-O e6 7. Re1 Nc6 8. d4
cxd4 9. Nxd4 Bxe2 10. Rxe2 Rc8 11. Bg5 a6 12. Na3 Be7 13. Nac2 O-O 14. Nxc6
Rxc6 15. Nd4 Rc5 16. Nf3 Qb8 17. Rd2 Rd8 18. Qe2 b5 19. Rad1 Rcc8 20. e5 dxe5
21. Nxe5 Qc7 22. Bxf6 Bxf6 23. Rxd8+ Rxd8 24. Rxd8+ Qxd8 25. Nd3 g6 26. Kf1 Be7
27. Qe4 Qc8 28. Ke2 Bd6 29. a3 h5 30. f4 Kf8 31. g4 hxg4 32. hxg4 Ke7 33. g5
Kd7 34. Qd4 Kc7 35. Qa7+ Kc6 36. Qxf7 Qh8 37. Qxe6 1-0

[Event "Kup Centralne Srbije 2013"]
[Site "Vrnjacka Banja"]
[Date "2013.04.27"]
[Round "7.5"]
[White "Irizanin, Radoje"]
[Black "Milosevic, Zoran"]
[Result "1-0"]
[WhiteElo "2335"]
[BlackElo "2249"]
[PlyCount "113"]
[EventDate "2013.03.24"]

1. d4 d5 2. Nf3 Nf6 3. Bf4 Bf5 4. e3 c6 5. c4 Nbd7 6. Nc3 e6 7. Qb3 Qb6 8. c5
Qxb3 9. axb3 a6 10. b4 Rc8 11. h3 h6 12. Nd2 Be7 13. Nb3 Ra8 14. b5 cxb5 15.
Nxb5 O-O 16. Nd6 Bxd6 17. Bxd6 Rfc8 18. f3 Bc2 19. Nc1 Ne8 20. Bh2 e5 21. Kd2
Bg6 22. Bd3 Bxd3 23. Nxd3 exd4 24. exd4 Nc7 25. Bxc7 Rxc7 26. b4 Rd8 27. Rhe1
Nf8 28. Kc3 Ne6 29. f4 g6 30. Re5 Ng7 31. Rae1 Kf8 32. Nf2 h5 33. g4 Ne6 34. f5
Ng5 35. fxg6 Nf3 36. Re8+ Rxe8 37. Rxe8+ Kg7 38. Re3 hxg4 39. hxg4 Ng5 40. Re5
f6 41. Rxd5 Re7 42. Rd8 Kxg6 43. d5 Nf7 44. Rg8+ Kh7 45. Rb8 Ne5 46. d6 Rg7 47.
Rc8 Kg6 48. Rc7 Nc6 49. Ne4 Nd8 50. Rxg7+ Kxg7 51. b5 axb5 52. Kb4 Kf7 53. Kxb5
Ke6 54. Kb6 f5 55. gxf5+ Kxf5 56. Kc7 Ne6+ 57. Kxb7 1-0

[Event "Kup Centralne Srbije 2013"]
[Site "Vrnjacka Banja"]
[Date "2013.04.27"]
[Round "7.5"]
[White "Vasic, Vladimir"]
[Black "Gavrilovic, Leonardo"]
[Result "0-1"]
[WhiteElo "2188"]
[BlackElo "2259"]
[PlyCount "87"]
[EventDate "2013.03.24"]

1. e4 Nf6 2. e5 Nd5 3. d4 d6 4. Nf3 g6 5. Be2 Bg7 6. O-O O-O 7. c4 Nb6 8. Nc3
Nc6 9. exd6 cxd6 10. Be3 Bg4 11. b3 e6 12. h3 Bxf3 13. Bxf3 d5 14. cxd5 Nxd5
15. Nxd5 exd5 16. Qd2 Qd7 17. Rac1 Rad8 18. Rc5 Qe6 19. Re1 Rfe8 20. Rcc1 Qd7
21. b4 h5 22. g4 hxg4 23. hxg4 Re4 24. b5 Nxd4 25. Bxe4 Qxg4+ 26. Kf1 dxe4 27.
Bxd4 Bxd4 28. Rc3 Bf6 29. Rg3 Qf5 30. Qe2 Bh4 31. Rg2 Rd4 32. Kg1 Qd5 33. Qg4
e3 34. Qc8+ Kg7 35. Rxe3 Rd1+ 36. Kh2 Qd6+ 37. Reg3 Bxg3+ 38. fxg3 Qd5 39. Qg4
Rf1 40. Qe2 Kh7 41. a4 Ra1 42. Qg4 Kg7 43. b6 axb6 44. Qe2 0-1

[Event "Kup Centralne Srbije 2013"]
[Site "Vrnjacka Banja"]
[Date "2013.04.27"]
[Round "7.5"]
[White "Roljevic, Djordje"]
[Black "Mijanovic, Dragan"]
[Result "0-1"]
[WhiteElo "2069"]
[BlackElo "2103"]
[PlyCount "77"]
[EventDate "2013.03.24"]

1. d4 d5 2. Nf3 c6 3. c4 Nf6 4. Qc2 g6 5. Bf4 Bg7 6. e3 O-O 7. Nc3 dxc4 8. Bxc4
Nd5 9. Bg3 Nxc3 10. bxc3 Nd7 11. O-O b5 12. Be2 Bb7 13. a4 a6 14. Rfb1 Re8 15.
c4 c5 16. axb5 axb5 17. Rxa8 Qxa8 18. cxb5 cxd4 19. exd4 Rc8 20. Qb2 Be4 21.
Rc1 Bh6 22. Rxc8+ Qxc8 23. h3 Nb6 24. Qa3 Qb7 25. Qc5 Bf8 26. Qc7 e6 27. Nd2
Na8 28. Qxb7 Bxb7 29. Bf3 Bxf3 30. gxf3 Bg7 31. Be5 f6 32. Bd6 Bf8 33. Bc5 Nc7
34. b6 Na6 35. b7 Nb8 36. Ba7 Bd6 37. Ne4 Bf4 38. Nxf6+ Kf7 39. Bxb8 0-1

[Event "Kup Centralne Srbije 2013"]
[Site "Vrnjacka Banja"]
[Date "2013.04.27"]
[Round "7.6"]
[White "Vujic, Mihailo"]
[Black "Bura, Goran"]
[Result "1-0"]
[WhiteElo "2364"]
[BlackElo "2209"]
[PlyCount "78"]
[EventDate "2013.03.24"]

1. e4 d6 2. d4 Nf6 3. Nc3 e5 4. Nf3 Nbd7 5. Bc4 Be7 6. dxe5 Nxe5 7. Be2 c6 8.
O-O O-O 9. Nd4 Re8 10. f4 Ng6 11. Kh1 Bf8 12. f5 Ne5 13. Bg5 Be7 14. Nf3 Nxf3
15. Bxf3 Nxe4 16. Nxe4 Bxg5 17. Nxd6 Rf8 18. Bg4 Bf6 19. c3 Qc7 20. Ne4 Qe5 21.
Qf3 b6 22. Rae1 Ba6 23. Ng3 Qd5 24. Qxd5 cxd5 25. Be2 Bxe2 26. Nxe2 Rfe8 27.
Nf4 d4 28. c4 Rad8 29. Kg1 Bg5 30. Nd3 Be3+ 31. Kh1 Bd2 32. Rd1 Re2 33. g3 Kf8
34. Rf2 Rxf2 35. Nxf2 Be3 36. Ng4 Re8 37. Re1 Bd2 38. Rxe8+ Kxe8 39. Kg2 Ke7
1-0

[Event "Kup Centralne Srbije 2013"]
[Site "Vrnjacka Banja"]
[Date "2013.04.27"]
[Round "7.6"]
[White "Rajkovic, Ljubisa"]
[Black "Tojagic, Dane"]
[Result "1/2-1/2"]
[WhiteElo "2151"]
[BlackElo "2276"]
[PlyCount "25"]
[EventDate "2013.03.24"]

1. c4 c5 2. Nc3 Nf6 3. g3 d5 4. cxd5 Nxd5 5. Bg2 Nc7 6. Qa4+ Qd7 7. Qc4 e6 8.
Nf3 Nc6 9. O-O Rb8 10. a4 b6 11. d3 Be7 12. Bf4 a6 13. Ne5 1/2-1/2

[Event "Kup Centralne Srbije 2013"]
[Site "Vrnjacka Banja"]
[Date "2013.04.27"]
[Round "7.6"]
[White "Markovic, Dragan M"]
[Black "Njegic, Vladimir"]
[Result "1-0"]
[WhiteElo "2021"]
[BlackElo "2153"]
[PlyCount "61"]
[EventDate "2013.03.24"]

1. e4 e6 2. d4 d5 3. Nd2 dxe4 4. Nxe4 Nd7 5. Nf3 Ngf6 6. Nxf6+ Nxf6 7. Bd3 Be7
8. Qe2 O-O 9. c3 b6 10. Bf4 Bb7 11. O-O c5 12. dxc5 Bxc5 13. Rad1 Qe8 14. Ne5
a6 15. Bg5 Nd5 16. c4 f6 17. Qe4 g6 18. Bh6 fxe5 19. Bxf8 Qxf8 20. cxd5 Bxd5
21. Qe2 b5 22. Be4 Bd4 23. b3 Rc8 24. Kh1 Qf6 25. Rd3 Kg7 26. f3 b4 27. Rdd1 a5
28. Qa6 Rc3 29. Qd6 Re3 30. Bxd5 exd5 31. Qxd5 1-0

[Event "Kup Centralne Srbije 2013"]
[Site "Vrnjacka Banja"]
[Date "2013.04.27"]
[Round "7.6"]
[White "Kostic, Marko"]
[Black "Milovanovic, Nenad"]
[Result "1/2-1/2"]
[WhiteElo "1668"]
[BlackElo "2200"]
[PlyCount "60"]
[EventDate "2013.03.24"]

1. d4 Nf6 2. Bf4 b6 3. e3 Bb7 4. Nd2 g6 5. h3 Bg7 6. Ngf3 d6 7. Be2 O-O 8. O-O
Nbd7 9. c4 h6 10. Rc1 a5 11. b3 Nh7 12. Qc2 e5 13. Bh2 Qe7 14. dxe5 dxe5 15.
Rfd1 Nc5 16. Ne1 e4 17. Nb1 Rad8 18. Nc3 Be5 19. Bxe5 Qxe5 20. a3 f5 21. b4 Ne6
22. Rxd8 Rxd8 23. Rd1 Rxd1 24. Nxd1 Nf6 25. Qc3 Nd7 26. Nc2 axb4 27. axb4 c5
28. bxc5 Qxc3 29. Nxc3 bxc5 30. Na3 Nb6 1/2-1/2

[Event "Kup Centralne Srbije 2013"]
[Site "Vrnjacka Banja"]
[Date "2013.04.27"]
[Round "7.7"]
[White "Blagojevic, Nebojsa"]
[Black "Marinkovic, Zoran"]
[Result "1-0"]
[WhiteElo "2324"]
[BlackElo "2262"]
[PlyCount "85"]
[EventDate "2013.03.24"]

1. e4 c5 2. Nf3 Nc6 3. d4 cxd4 4. Nxd4 g6 5. c3 Bg7 6. Be3 Nf6 7. f3 O-O 8. Be2
d5 9. Nxc6 bxc6 10. e5 Nd7 11. f4 e6 12. Nd2 c5 13. O-O Rb8 14. Qc2 Qb6 15. b4
Qc7 16. b5 Bb7 17. Nb3 f6 18. Bg4 Rbe8 19. exf6 Rxf6 20. Rac1 Bf8 21. Qf2 Bd6
22. Qh4 Qd8 23. Rce1 Qe7 24. Bc1 Nf8 25. Bf3 e5 26. Na5 Ba8 27. c4 e4 28. cxd5
Bxd5 29. Bxe4 Bxe4 30. Rxe4 Re6 31. Qxe7 R8xe7 32. Rxe6 Rxe6 33. Nc4 Bc7 34.
Ne3 Kf7 35. f5 Re8 36. Ng4 h5 37. Nh6+ Kg7 38. f6+ Kh7 39. Nf7 Re2 40. Rd1 g5
41. Nxg5+ Kh6 42. h4 c4 43. Rf1 1-0

[Event "Kup Centralne Srbije 2013"]
[Site "Vrnjacka Banja"]
[Date "2013.04.27"]
[Round "7.7"]
[White "Kurcubic, Aleksandar"]
[Black "Mitrovic, Marjan"]
[Result "1-0"]
[WhiteElo "2272"]
[BlackElo "2113"]
[PlyCount "65"]
[EventDate "2013.03.24"]

1. c4 Nf6 2. Nf3 g6 3. g3 Bg7 4. Bg2 O-O 5. O-O d5 6. cxd5 Nxd5 7. d4 Nb6 8.
Nc3 Nc6 9. e3 a5 10. Qe2 Be6 11. Rd1 Bc4 12. Qc2 Nb4 13. Qb1 a4 14. Ne1 c6 15.
Bd2 N4d5 16. Nd3 Qc8 17. Nc5 e5 18. dxe5 Bxe5 19. Nxd5 cxd5 20. Nd3 Bxd3 21.
Qxd3 Bxb2 22. Rab1 a3 23. Bxd5 Nxd5 24. Qxd5 Rd8 25. Qb3 b5 26. Bc1 Rxd1+ 27.
Qxd1 Qc3 28. Kg2 b4 29. Qd5 Rc8 30. Bxb2 axb2 31. Qd7 Rc5 32. Qd6 Rc8 33. Qd7
1-0

[Event "Kup Centralne Srbije 2013"]
[Site "Vrnjacka Banja"]
[Date "2013.04.27"]
[Round "7.7"]
[White "Mitrovic, Mikica"]
[Black "Urosevic, Radojko"]
[Result "1/2-1/2"]
[WhiteElo "1974"]
[BlackElo "2214"]
[PlyCount "39"]
[EventDate "2013.03.24"]

1. g3 d5 2. Bg2 e5 3. d3 Nf6 4. Nf3 Bd6 5. O-O c6 6. Nc3 O-O 7. e4 d4 8. Ne2 h6
9. Nh4 c5 10. f4 Nc6 11. f5 Be7 12. Nf3 Kh7 13. h3 g5 14. fxg6+ fxg6 15. g4 Ng8
16. Ng3 Be6 17. Qd2 Bh4 18. Nh1 Be7 19. Qe2 Qd7 20. Bd2 1/2-1/2

[Event "Kup Centralne Srbije 2013"]
[Site "Vrnjacka Banja"]
[Date "2013.04.27"]
[Round "7.7"]
[White "Dolovic, Dusko"]
[Black "Vukovic, Milutin"]
[Result "1-0"]
[WhiteElo "2171"]
[BlackElo "1938"]
[PlyCount "120"]
[EventDate "2013.03.24"]

1. d4 g6 2. Nf3 Nf6 3. c4 Bg7 4. Nc3 d5 5. e3 O-O 6. Be2 Bg4 7. Qb3 dxc4 8.
Qxb7 Nbd7 9. Qa6 Nb6 10. h3 Bc8 11. Qa5 Bb7 12. O-O Nfd5 13. Bd2 e6 14. Rfd1
Re8 15. Rac1 Bf8 16. Na4 Nxa4 17. Qxa4 Nb6 18. Qc2 Ba6 19. Ne5 Qg5 20. Nxc4
Nxc4 21. Bxc4 Bb7 22. Bf1 Rec8 23. b4 Qd5 24. Qc4 Qh5 25. Qb5 Bd5 26. Qa5 Bd6
27. Bc4 Qf5 28. Bxd5 exd5 29. b5 Rcb8 30. a4 Rb6 31. Bb4 Qd7 32. Bxd6 Qxd6 33.
Qc3 a6 34. Qxc7 Qxc7 35. Rxc7 axb5 36. axb5 Rxb5 37. Rdc1 Rd8 38. Ra7 Rb6 39.
Rcc7 Rf6 40. Rd7 Rb8 41. Ra2 Rb5 42. g3 Kf8 43. Kg2 Ke8 44. Rc7 Kf8 45. g4 g5
46. Kg3 h6 47. Rc8+ Kg7 48. Rc5 Rxc5 49. dxc5 Rc6 50. Rc2 Kf6 51. f4 Ke6 52.
Kf3 f6 53. Ke2 f5 54. Kd3 fxg4 55. hxg4 Rc8 56. Kd4 Rc6 57. f5+ Ke7 58. Kxd5
Kd7 59. Ra2 Rf6 60. e4 Rf8 1-0

[Event "Kup Centralne Srbije 2013"]
[Site "Vrnjacka Banja"]
[Date "2013.04.27"]
[Round "7.8"]
[White "Cabarkapa, Miomir"]
[Black "Stojiljkovic, Stefan"]
[Result "1-0"]
[WhiteElo "2163"]
[BlackElo "2037"]
[PlyCount "75"]
[EventDate "2013.03.24"]

1. Nf3 d5 2. d4 Nf6 3. Bg5 c6 4. e3 Ne4 5. Bf4 Bf5 6. Nbd2 e6 7. Nxe4 Bxe4 8.
Bd3 Bxd3 9. Qxd3 Bd6 10. Be5 Bxe5 11. Nxe5 Nd7 12. Nxd7 Qxd7 13. O-O-O O-O 14.
f4 Rac8 15. Kb1 c5 16. c3 c4 17. Qe2 b5 18. g4 a5 19. Ka1 b4 20. Rb1 Rb8 21.
Rhc1 Qa4 22. Qd1 Qd7 23. b3 Rfc8 24. Qd2 Qd6 25. Rb2 g6 26. g5 Kg7 27. bxc4
Rxc4 28. cxb4 Rbxb4 29. Rxc4 dxc4 30. Rc2 Qd5 31. Qc1 h5 32. gxh6+ Kxh6 33. h4
Qe4 34. Qd2 Qh1+ 35. Rc1 Qxh4 36. Qg2 Qf6 37. Rh1+ Kg7 38. Qa8 1-0

[Event "Kup Centralne Srbije 2013"]
[Site "Vrnjacka Banja"]
[Date "2013.04.27"]
[Round "7.8"]
[White "Zivkovic, Ljubisa"]
[Black "Jovcic, Zoran"]
[Result "1-0"]
[WhiteElo "1995"]
[BlackElo "2111"]
[PlyCount "127"]
[EventDate "2013.03.24"]

1. e4 d5 2. exd5 Qxd5 3. Nc3 Qa5 4. Bc4 Nf6 5. Qf3 c6 6. h3 Nbd7 7. d4 Nb6 8.
Bb3 e6 9. Bd2 Bb4 10. Nge2 Nbd5 11. a3 Qa6 12. O-O Bd6 13. Rfe1 O-O 14. Ng3 Qb6
15. Nce2 Bxg3 16. Qxg3 Ne4 17. Qd3 Nxd2 18. Qxd2 a5 19. Bc4 Rd8 20. Bd3 Nf6 21.
Qe3 Qc7 22. Rad1 b6 23. c3 Ba6 24. Bc2 Bxe2 25. Rxe2 Rd7 26. g3 Rad8 27. Rde1
b5 28. Kg2 b4 29. axb4 axb4 30. Qe5 Qb7 31. f3 Rd5 32. Qe3 Qb6 33. g4 Ra5 34.
Be4 bxc3 35. bxc3 Ra3 36. Rc2 Nd5 37. Bxd5 cxd5 38. Qc1 Ra4 39. Qb1 Qc7 40. Qb3
Rc4 41. Re3 Rb8 42. Qa2 Rc8 43. Rd3 Qf4 44. Qa1 h6 45. Qc1 Qc7 46. f4 Qa5 47.
Kf3 Ra4 48. Qe1 Qa6 49. Ke3 Ra1 50. Rd1 Ra3 51. Rd3 Qb6 52. Qc1 Ra4 53. Qe1 Qd8
54. h4 Qf6 55. Qg3 Ra1 56. h5 g5 57. hxg6 Qxg6 58. Qf3 Rb8 59. Rg2 Rc1 60. f5
exf5 61. Qxf5 Re8+ 62. Kd2 Re2+ 63. Kxe2 Qxf5 64. gxf5+ 1-0